| 000 | 01185nam a22003497a 4500 | ||
|---|---|---|---|
| 003 | CHAP | ||
| 005 | 20220329143752.0 | ||
| 008 | 110802s1998 us a r 00010 eng d | ||
| 010 | _a101676 | ||
| 011 | _a102648 | ||
| 020 | _a0849316987 | ||
| 035 | _a113337 | ||
| 040 | _cCHAP | ||
| 082 | 0 | 4 |
_a635.9823 _bH19y |
| 100 | 0 | 0 |
_aHanan, Joe J. _952490 |
| 245 | 1 | 0 |
_aGreenhouses : _badvanced technology for protected horticulture _c/por Joe J. Hanan |
| 260 |
_aBoca Raton, Flo. : _bCRC, _cc1998 |
||
| 300 |
_a684 p. : _bilus., gráfs., tablas |
||
| 590 |
_aBATCH-UPD _b10 _c20130110 _lUCH01 _h1155 |
||
| 590 |
_aBATCH-UPD _b10 _c20130410 _lUCH01 _h0738 |
||
| 590 |
_aBATCH-UPD _b10 _c20130914 _lUCH01 _h1131 |
||
| 590 |
_aCONVERSION _b10 _c20130109 _lUCH01 _h1356 |
||
| 650 | 1 | 4 |
_aAgricultura _xInnovaciones tecnológicas. _91565 |
| 650 | 1 | 4 |
_aCultivos en invernadero. _930376 |
| 650 | 1 | 4 |
_aHorticultura _xImplementos y maquinaria. _956341 |
| 650 | 1 | 4 |
_aInvernaderos _xAutomatización. _960174 |
| 650 | 1 | 4 |
_aJardinería. _961143 |
| 650 | 1 | 4 |
_aSistemas de producción. _9106767 |
| 901 | _aBK | ||
| 942 | _cLIBRO | ||
| 949 |
_a635.9823 H19y _bBC _cLIBRO _d33724002300413 _eLIBRO _h115420 _i113337 _si |
||
| 999 |
_c101676 _d101676 |
||